поезд № 002М, "Россия", Москва - Владивосток - все станция - Statistics

General Stats
  • This quiz has been taken 710 times
  • The average score is 13 of 57
Answer Stats
Расстояние от Москвы Станция % Correct
0 Москва, ярославский вокзал
95%
9259 Владивосток
88%
8493 Хабаровск 1
69%
3303 Новосибирск Главный
68%
1778 Екатеринбург Пассажирский
66%
5145 Иркутск Сортировочный
64%
5153 Иркутск Пассажирский
64%
2676 Омск-Пассажирский
62%
4065 Красноярск Пассажирский
54%
461 Нижний Новгород
49%
2104 Тюмень
49%
1397 Пермь 2
49%
6166 Чита2
49%
210 Владимир Пассажирский
47%
5609 Улан-Удэ Пассажирский
45%
917 Киров Пассажирский
35%
8320 Биробиджан 1
30%
9147 Уссурийск
25%
5113 Ангарск
18%
3881 Ачинск 1
16%
2393 Ишим
15%
4312 Канск-Енисейский
15%
4483 Тайшет
13%
4902 Зима
13%
3000 Барабинск
11%
3680 Мариинск
10%
5279 Слюдянка 1
10%
1154 Балезино
9%
3532 Тайга
9%
7081 Ерофей Павлович
9%
4647 Нижнеудинск
8%
4763 Тулун
8%
7275 Сковородино
8%
7835 Белогорск
8%
3813 Боготол
7%
5902 Хилок
6%
6876 Могоча
6%
8160 Облучье
6%
8726 Бикин
6%
9009 Спасск-Дальний
6%
8845 Дальнереченск 1
6%
7777 Свободный
5%
8773 Лучегорск
5%
4344 Иланская
4%
5752 Петровский Завод
4%
7463 Магдагачи
4%
9226 Угольная
4%
6262 Карымская
3%
6974 Амазар
3%
7528 Ст.тыгда
3%
8050 Архара
3%
8902 Ружино
3%
9079 Сибирцево
3%
6555 Чернышевск-Забайкальский
2%
7999 Бурея
2%
8621 Вяземская
2%
9061 Мучная
2%
No matching quizzes found
Score Distribution
Percent of People with Each Score
Percentile by Number Answered
Your Score History
You have not taken this quiz